000 00189 a2200085 4500
245 _aPOEMS OF BEN JONSON
_hText
100 _aJOHNSTON AND GEORGE BURKE
650 _aliterature
005 20191021095058.0
084 _aNONE
999 _c11792
_d11792